| 000 | 00509nam a2200181Ia 4500 | ||
|---|---|---|---|
| 005 | 20250326125828.0 | ||
| 008 | 250326s9999 xx 000 0 und d | ||
| 037 | _aTextbook | ||
| 040 |
_aFMSL _beng _cFMSL |
||
| 041 |
_aeng _2eng |
||
| 084 |
_aX:51 N6 _qFMSL |
||
| 100 |
_aGreen P E _9350681 |
||
| 245 | 0 |
_aResearch for marketing decisions _cGreen P E; Tull D S |
|
| 260 |
_aEnglwood _bEnglwood, Cliffs P H India _c1966 |
||
| 300 | _a186p | ||
| 942 |
_cTB _hX:51 N6 |
||
| 999 |
_c1279766 _d1279766 |
||